000 00437nam a2200169Ia 4500
001 24831
005 20260414151109.0
008 260414t2023||||xx |||||||||||||| ||spa||
041 _aESP
082 _a346
_bD84 T. 3
245 0 _aEl código procesal civil interpretado y aplicado por la Corte Suprema
_b
260 _c2023
300 _apáginas 2073-2814 :
_c25 cm.
650 _aDER
654 _aCDE
942 _cLIB
_dJUS
_fJUS
_2ddc
_n
999 _c24831
_d24831